Pamätnica ktorú z príčiny desťročného jubilea účinkovania svojho vydal Slovenský literárny spolok národ vo Viedni

Bibliographic Details
Main Author: Štefánek, Anton, 1877-1964 (Author)
Format: Book
Language:Undetermined
PhysicalDescription:169 s.
Published: Uh. Skalica

MARC

LEADER 00000nam a2200000 a 4500
001 vtls001390562
003 SK-MaSNL
005 20260301115759.0
008 240315suuuu xx 0 und
035 |a SNK000344833 
040 |a SNK  |b slo  |c SNK  |e AACR2 
100 1 |a Štefánek, Anton,  |d 1877-1964  |4 aut  |9 100362 
245 1 |a Pamätnica ktorú z príčiny desťročného jubilea účinkovania svojho vydal Slovenský literárny spolok národ vo Viedni 
260 |a Uh. Skalica 
300 |a 169 s. 
999 |c 723554  |d 725484 
952 |a SNKLM  |b SNKLM  |y NEVYP  |7 0  |o snklmMK 4225  |8 3  |0 0  |1 0  |4 0  |d 2006-06-29  |l 0  |r 2026-02-23 22:06:35  |w 2026-02-23